00558nam a2200181Ia 4500008004100000020001500041041001200056082001600068100001700084245002600101250000800127260002500135300000900160650001500169942000700184999001500191952017000206221030s9999 xx 000 0 und d a8120311272 aEnglish a105.23bSha aI. H. Shames 0aEngineering Mechanics a4th bPHIaNew Delhic1996 a1024 aMechanical cBK c1214d1214 pBE 151g395.00l0o105.23 Shar2024-06-13 00:00:00w2022-10-30yBK003Print4070aMIETLIBbMIETLIBcBL-Academic Block- A, FL-1, CUP-5, SH-2, R-2d1998-12-1710HBE